[Event "Befana SSM B"]
[Site "Milano ITA"]
[Date "2014.01.03"]
[Round "2"]
[White "Colica, Daniele"]
[Black "Cagnotto, Marco"]
[WhiteElo "1698"]
[BlackElo "1514"]
[Result "1/2-1/2"]
[PlyCount "85"]
[EventDate "2014.01.02"]

1. Nf3 Nf6 2. b3 g6 3. Bb2 Bg7 4. e3 d6 5. d4 O-O 6. Nbd2 Bf5 7. Be2 c5 8. O-O
Nc6 9. Nh4 Be6 10. c4 Bd7 11. f4 e6 12. g3 cxd4 13. exd4 d5 14. c5 Ne4 15. Nhf3
Ne7 16. Qc2 Nxd2 17. Qxd2 Nc6 18. b4 a6 19. a4 Na7 20. Ra3 Qe8 21. Rfa1 Nc8 22.
Bd3 Ne7 23. Qe2 Nf5 24. b5 axb5 25. axb5 Rxa3 26. Rxa3 Qe7 27. Ra7 Nxd4 28.
Nxd4 Qxc5 29. Rxb7 Bxd4+ 30. Kg2 Bxb2 31. Qxb2 Rd8 32. Qe5 Qc1 33. Qd6 Qd2+ 34.
Kh3 Qxd3 35. Rxd7 Rxd7 36. Qxd7 Qf5+ 37. g4 Qd3+ 38. Kh4 Qb3 39. Qd8+ Kg7 40.
Qb6 Qb4 41. Qb8 Qe1+ 42. Kh3 Qe3+ 43. Kg2 1/2-1/2

[Event "Befana SSM B"]
[Site "Milano ITA"]
[Date "2014.01.03"]
[Round "2"]
[White "Colonetti, Fabio"]
[Black "Casartelli, Fabio"]
[WhiteElo "1475"]
[BlackElo "1848"]
[Result "1/2-1/2"]
[PlyCount "49"]
[EventDate "2014.01.02"]

1. e4 e5 2. Nf3 Nc6 3. Bb5 a6 4. Ba4 d6 5. O-O Nf6 6. Re1 Be7 7. c3 O-O 8. h3
h6 9. d4 b5 10. Bc2 Bb7 11. Nbd2 Nh7 12. Nf1 Ng5 13. Nxg5 Bxg5 14. Ng3 Bxc1 15.
Rxc1 Qf6 16. Ne2 Rad8 17. d5 Ne7 18. a4 c5 19. axb5 axb5 20. Ra1 Ra8 21. Qd3 c4
22. Qe3 Nc8 23. Rxa8 Bxa8 24. Ra1 Bb7 25. Ra5 1/2-1/2

[Event "Befana SSM B"]
[Site "Milano ITA"]
[Date "2014.01.03"]
[Round "2"]
[White "Croso, Marco"]
[Black "Nordio, Giorgio"]
[WhiteElo "1861"]
[BlackElo "1682"]
[Result "0-1"]
[PlyCount "134"]
[EventDate "2014.01.02"]

1. d4 c6 2. Nf3 d5 3. e3 Nf6 4. c4 Bf5 5. Nc3 e6 6. Be2 Be7 7. h3 O-O 8. g4 Bg6
9. Ne5 Nfd7 10. Nxg6 fxg6 11. e4 Bh4 12. Be3 Nb6 13. c5 N6d7 14. e5 b6 15. b4
Rf7 16. O-O Bg5 17. f4 Bh4 18. Qd2 Be7 19. a3 Qc8 20. Qd3 bxc5 21. bxc5 a5 22.
Rab1 Nf8 23. Na4 Nbd7 24. Rb3 Rb8 25. Rfb1 Bd8 26. Bd2 Bc7 27. Qe3 Qd8 28. Ba6
Rxb3 29. Rxb3 Nb8 30. Be2 Nfd7 31. Kg2 Kh8 32. Rb1 Kg8 33. Qb3 Qc8 34. Kg3 Bd8
35. Qb7 Qc7 36. Qa8 Be7 37. Bxa5 Qc8 38. Nb6 Qf8 39. Nxd7 Nxd7 40. Qxf8+ Bxf8
41. Rb7 Nxe5 42. Rb6 Nc4 43. Bxc4 dxc4 44. Rb1 Rd7 45. Bc3 Bxc5 46. Rb8+ Kf7
47. a4 Bxd4 48. Be1 c3 49. Rb4 Bf6 50. Rc4 Rd1 51. g5 Rxe1 52. gxf6 Kxf6 53.
Rxc3 Ra1 54. Rxc6 Rxa4 55. Rc5 h6 56. h4 Ra3+ 57. Kg2 Ra2+ 58. Kg3 Ra1 59. Kg2
Rd1 60. Kf3 Rd5 61. Rc8 Rd7 62. Rc5 Rd5 63. Rc8 Rf5 64. Kg4 h5+ 65. Kg3 e5 66.
Rc6+ Kf7 67. Rc7+ Kf8 0-1

[Event "Befana SSM B"]
[Site "Milano ITA"]
[Date "2014.01.03"]
[Round "2"]
[White "Da Campo, Giuseppe"]
[Black "Carli, Federico"]
[WhiteElo "1780"]
[BlackElo "1529"]
[Result "1-0"]
[PlyCount "55"]
[EventDate "2014.01.02"]

1. d4 d5 2. c4 c6 3. Nc3 Nf6 4. cxd5 cxd5 5. Bf4 Bf5 6. Nf3 e6 7. e3 Nc6 8. Be2
h6 9. h3 Be7 10. O-O O-O 11. a3 Rc8 12. Ne5 Bd6 13. Nxc6 Rxc6 14. Bxd6 Qxd6 15.
g4 Bh7 16. f4 Rfc8 17. Bb5 R6c7 18. Bd3 Bxd3 19. Qxd3 Nd7 20. Qd2 Nb6 21. Nb5
Nc4 22. Qf2 Qb6 23. Nxc7 Rxc7 24. Rfc1 Qb3 25. Rc3 Qb5 26. b3 Qa5 27. Rac1 Ne5
28. Rxc7 1-0

[Event "Befana SSM B"]
[Site "Milano ITA"]
[Date "2014.01.03"]
[Round "2"]
[White "Deghi, Donatello"]
[Black "Lamperti, Gianloris "]
[WhiteElo "1815"]
[BlackElo "1614"]
[Result "1-0"]
[PlyCount "39"]
[EventDate "2014.01.02"]

1. d4 e6 2. Nf3 d5 3. c4 c6 4. Nc3 Nf6 5. Bg5 Be7 6. e3 Nbd7 7. Qc2 O-O 8. c5
b6 9. b4 a5 10. b5 bxc5 11. bxc6 Nb8 12. Bb5 Qb6 13. Rb1 Nxc6 14. Na4 Qc7 15.
Bf4 Bd6 16. Bxc6 Qxc6 17. Rb6 Ra6 18. Rxc6 Rxc6 19. Bxd6 Rxd6 20. Nxc5 1-0

[Event "Befana SSM B"]
[Site "Milano ITA"]
[Date "2014.01.03"]
[Round "2"]
[White "Fantina, Carla"]
[Black "Libutti, Michele"]
[WhiteElo "1456"]
[BlackElo "1727"]
[Result "0-1"]
[PlyCount "70"]
[EventDate "2014.01.02"]

1. c4 e5 2. Nc3 Nf6 3. e4 d6 4. d3 Nc6 5. Nf3 Be7 6. Be2 O-O 7. O-O Bg4 8. h3
Bd7 9. Be3 Ne8 10. Nd5 f5 11. Nxe7+ Qxe7 12. Bg5 Nf6 13. Bxf6 Qxf6 14. Qd2 f4
15. Rad1 Rae8 16. b4 a6 17. a3 g5 18. b5 axb5 19. cxb5 Nd4 20. Nxd4 exd4 21. a4
Re5 22. Rc1 Rc5 23. Qb4 b6 24. Rc4 Re8 25. Rxd4 Kg7 26. Rc4 Rh8 27. Rfc1 h5 28.
Qc3 g4 29. Qxf6+ Kxf6 30. hxg4 hxg4 31. g3 f3 32. Bf1 Rch5 33. Bg2 Rh2 34. e5+
dxe5 35. Rxg4 Rxg2+ 0-1

[Event "Befana SSM B"]
[Site "Milano ITA"]
[Date "2014.01.03"]
[Round "2"]
[White "Lavorgna, Filippo"]
[Black "Macri', Vincenzo Roberto"]
[WhiteElo "1725"]
[BlackElo "1560"]
[Result "1-0"]
[PlyCount "21"]
[EventDate "2014.01.02"]

1. d4 e5 2. dxe5 Nc6 3. Nf3 Qe7 4. Nc3 Nxe5 5. e4 Nf6 6. Bf4 Nxf3+ 7. Qxf3 d5
8. e5 d4 9. Nb5 Bg4 10. Qxb7 Qb4+ 11. Bd2 1-0

[Event "Befana SSM B"]
[Site "Milano ITA"]
[Date "2014.01.03"]
[Round "2"]
[White "Lipari, Alberto"]
[Black "Pollio, Ciro"]
[WhiteElo "1535"]
[BlackElo "1761"]
[Result "0-1"]
[PlyCount "63"]
[EventDate "2014.01.02"]

1. c4 Nf6 2. d4 e6 3. Nc3 c5 4. Be3 cxd4 5. Bxd4 Nc6 6. Nf3 Nxd4 7. Nxd4 Bb4 8.
Qc2 O-O 9. e3 d5 10. O-O-O Qe7 11. Bd3 a6 12. h4 dxc4 13. Bxc4 b5 14. Bd3 Bb7
15. f3 Rac8 16. Nde2 Nd5 17. Qd2 Bxc3 18. bxc3 Nxc3 19. Nxc3 Qa3+ 20. Kb1 Rxc3
21. Bc2 Bd5 22. Be4 Rd8 23. Ka1 Rdc8 24. Qb2 Qc5 25. Bxd5 exd5 26. Kb1 Rc4 27.
a3 Qxe3 28. Rhe1 Qh6 29. Qe5 Qg6+ 30. Ka1 Qc6 31. Qb2 Rc2 32. Qb1 0-1

[Event "Befana SSM B"]
[Site "Milano ITA"]
[Date "2014.01.03"]
[Round "2"]
[White "Lunghi, Samuele"]
[Black "Piccapietra, Matteo"]
[WhiteElo "1522"]
[BlackElo "1464"]
[Result "0-1"]
[PlyCount "148"]
[EventDate "2014.01.02"]

1. e4 e5 2. Nf3 Nc6 3. Bb5 a6 4. Ba4 Nge7 5. O-O d6 6. h3 Bd7 7. c3 Ng6 8. d4
Be7 9. Re1 O-O 10. Nbd2 Qe8 11. Nf1 f5 12. exf5 Bxf5 13. Bxc6 Qxc6 14. dxe5
Nxe5 15. Nxe5 dxe5 16. Rxe5 Bd6 17. Re1 Rad8 18. Qb3+ Kh8 19. Bg5 Rd7 20. Ne3
Bc5 21. Nxf5 Rxf5 22. Re8+ Rf8 23. Rxf8+ Bxf8 24. Re1 h6 25. Bh4 Qd5 26. Qxd5
Rxd5 27. Re8 Kg8 28. g4 Kf7 29. Rb8 b5 30. Rb7 Bd6 31. Bg3 Bxg3 32. fxg3 Rd1+
33. Kf2 Rd2+ 34. Kf3 Rxb2 35. Rxc7+ Kf8 36. Rc8+ Kf7 37. Rc7+ Kg8 38. Ra7 Rxa2
39. Kf4 a5 40. Kf5 b4 41. cxb4 Rf2+ 42. Kg6 Rf6+ 43. Kh5 axb4 44. Rb7 Rf3 45.
Rxb4 Rxg3 46. Kg6 Rf3 47. Rb6 Kf8 48. Rb8+ Ke7 49. Kxg7 Rxh3 50. Rb7+ Kd8 51.
Rb6 h5 52. g5 Rg3 53. Rb5 h4 54. g6 h3 55. Rh5 Ke7 56. Rh4 Ke6 57. Kh6 Kf6 58.
g7 Rxg7 59. Rf4+ Ke5 60. Rh4 Rg3 61. Rh5+ Kf4 62. Rh4+ Kf3 63. Kh5 Kg2 64. Ra4
h2 65. Ra2+ Kh3 66. Ra1 Rg1 67. Ra3+ Kg2 68. Ra2+ Kh3 69. Ra3+ Rg3 70. Ra1 Kg2
71. Ra2+ Kh1 72. Ra1+ Rg1 73. Ra2 Rf1 74. Kh4 Kg1 0-1

[Event "Befana SSM B"]
[Site "Milano ITA"]
[Date "2014.01.03"]
[Round "2"]
[White "Mingolla, Patrizio"]
[Black "Pasini, Nicolo'"]
[WhiteElo "1624"]
[BlackElo "1434"]
[Result "1-0"]
[PlyCount "45"]
[EventDate "2014.01.02"]

1. e4 e5 2. Nf3 Nc6 3. Bb5 Bc5 4. O-O d6 5. c3 Bg4 6. d3 Qf6 7. Nbd2 Qg6 8. Qb3
Nge7 9. d4 Bh3 10. Nh4 Qg4 11. Ndf3 exd4 12. cxd4 h6 13. dxc5 g5 14. Nd4 gxh4
15. Qxh3 Qxh3 16. gxh3 dxc5 17. Nxc6 bxc6 18. Bc4 Rg8+ 19. Kh1 Rg7 20. Be3 f5
21. exf5 Nxf5 22. Bxc5 O-O-O 23. Bxa7 1-0

[Event "Befana SSM B"]
[Site "Milano ITA"]
[Date "2014.01.03"]
[Round "2"]
[White "Papa, Angelo"]
[Black "Giaretta, Fulvio"]
[WhiteElo "1760"]
[BlackElo "1533"]
[Result "1/2-1/2"]
[PlyCount "55"]
[EventDate "2014.01.02"]

1. d4 Nf6 2. c4 g6 3. Nc3 d5 4. Nf3 Bg7 5. Qb3 c6 6. g3 dxc4 7. Qxc4 Nbd7 8.
Bg2 Nb6 9. Qd3 Nfd5 10. O-O Nb4 11. Qd1 Bg4 12. a3 Na6 13. e3 e5 14. dxe5 Bxf3
15. Qxf3 O-O 16. Rd1 Qe7 17. Bd2 Qxe5 18. Qe2 Rad8 19. Be1 Nc7 20. Rac1 Qe6 21.
Ne4 Na4 22. Bc3 Nxc3 23. Nxc3 Qb3 24. Bf3 Bxc3 25. Rxc3 Qxd1+ 26. Qxd1 Rxd1+
27. Bxd1 Rd8 28. Bf3 1/2-1/2

[Event "Befana SSM B"]
[Site "Milano ITA"]
[Date "2014.01.03"]
[Round "2"]
[White "Pedroni, Marco"]
[Black "Rinaldo, Andrea"]
[WhiteElo "1850"]
[BlackElo "1748"]
[Result "0-1"]
[PlyCount "66"]
[EventDate "2014.01.02"]

1. e4 d5 2. exd5 Qxd5 3. Nc3 Qa5 4. d4 Nf6 5. Bd2 c6 6. h3 Bf5 7. Nf3 Nbd7 8.
Ne2 Qb6 9. Ng3 Bg6 10. Bc4 e6 11. O-O Bd6 12. Ne2 Qc7 13. Nc3 O-O 14. Be3 Rad8
15. Bd3 e5 16. Bxg6 hxg6 17. Qd3 Qa5 18. Rfd1 exd4 19. Nxd4 Ne5 20. Qf1 Bb8 21.
Nde2 Nd5 22. Bg5 Nxc3 23. Bxd8 Nxe2+ 24. Qxe2 Rxd8 25. Rxd8+ Qxd8 26. f4 Nd7
27. Rd1 Qb6+ 28. Kh1 Nf6 29. Qd2 Bc7 30. b3 Ne4 31. Qd7 Nf2+ 32. Kh2 Nxd1 33.
Qxd1 Bxf4+ 0-1

[Event "Befana SSM B"]
[Site "Milano ITA"]
[Date "2014.01.03"]
[Round "2"]
[White "Pirrello, Christian"]
[Black "Cecchini, Massimo S."]
[WhiteElo "1641"]
[BlackElo "1786"]
[Result "1-0"]
[PlyCount "49"]
[EventDate "2014.01.02"]

1. d4 d5 2. c4 c6 3. Nc3 Nf6 4. cxd5 cxd5 5. Nf3 e6 6. Qb3 Nc6 7. e3 a6 8. Be2
Bd6 9. O-O O-O 10. Bd2 Na5 11. Qc2 Bd7 12. Rac1 Rc8 13. Qb1 Nc4 14. Bxc4 dxc4
15. e4 Bb8 16. Bg5 h6 17. Bh4 g5 18. Nxg5 hxg5 19. Bxg5 Bxh2+ 20. Kh1 Qa5 21.
e5 Bxe5 22. dxe5 Qxe5 23. f4 Qf5 24. Qxf5 exf5 25. Bxf6 1-0

[Event "Befana SSM B"]
[Site "Milano ITA"]
[Date "2014.01.03"]
[Round "2"]
[White "Primerano, Carlo"]
[Black "Malescusi, Luciano"]
[WhiteElo "1737"]
[BlackElo "1881"]
[Result "1/2-1/2"]
[PlyCount "33"]
[EventDate "2014.01.02"]

1. d4 g6 2. c4 Bg7 3. Nc3 c5 4. d5 Bxc3+ 5. bxc3 f5 6. e3 Qa5 7. Qc2 Nf6 8. f3
d6 9. Bd3 Nbd7 10. e4 fxe4 11. fxe4 Ne5 12. Ne2 O-O 13. O-O Bd7 14. Bf4 Nh5 15.
Bxe5 dxe5 16. Qd2 Bg4 17. Rae1 1/2-1/2

[Event "Befana SSM B"]
[Site "Milano ITA"]
[Date "2014.01.03"]
[Round "2"]
[White "Quagliarella, Sabino Remo"]
[Black "Poletto, Daniele"]
[WhiteElo "1882"]
[BlackElo "1760"]
[Result "1-0"]
[PlyCount "105"]
[EventDate "2014.01.02"]

1. d4 Nf6 2. c4 g6 3. g3 Bg7 4. Bg2 O-O 5. Nc3 d6 6. Nf3 c5 7. d5 a6 8. O-O Bd7
9. a4 Qc8 10. Qb3 a5 11. e4 Ng4 12. Re1 Ne5 13. Nxe5 Bxe5 14. Be3 Na6 15. Rad1
Nb4 16. f4 Bg7 17. Bf2 Bh3 18. Bf3 Bg4 19. Bxg4 Qxg4 20. e5 Qf5 21. Nb5 dxe5
22. Bxc5 exf4 23. Rf1 Qc2 24. Qxc2 Nxc2 25. Rxf4 Bxb2 26. Bxe7 Rfc8 27. Rd2 Bc1
28. Rxc2 Bxf4 29. gxf4 f5 30. d6 Kf7 31. Bh4 Ke6 32. c5 Kd7 33. Bf2 Ra6 34. Re2
Rh8 35. Re7+ Kc6 36. Rc7+ Kd5 37. Rxb7 Kc6 38. Re7 h6 39. Rg7 g5 40. fxg5 hxg5
41. Rxg5 Raa8 42. Rxf5 Rag8+ 43. Bg3 Rg4 44. Na7+ Kb7 45. Rf7+ Ka6 46. d7 Rxa4
47. Nc6 Ra1+ 48. Kf2 Rc1 49. Bd6 Rc2+ 50. Ke3 Rh3+ 51. Bg3 Rh8 52. Kd4 Kb7 53.
d8=Q+ 1-0

[Event "Befana SSM B"]
[Site "Milano ITA"]
[Date "2014.01.03"]
[Round "2"]
[White "Riboldi, Raffaele"]
[Black "Manzotti, Francesco"]
[WhiteElo "1895"]
[BlackElo "1777"]
[Result "1-0"]
[PlyCount "63"]
[EventDate "2014.01.02"]

1. d4 Nf6 2. c4 g6 3. Nc3 Bg7 4. e4 d6 5. Nge2 O-O 6. Ng3 c5 7. d5 e6 8. Be2
exd5 9. exd5 Re8 10. O-O a6 11. a4 h5 12. Bg5 Qb6 13. Qd2 Nbd7 14. a5 Qc7 15.
h3 Nf8 16. Bd3 Bd7 17. Bh6 Re7 18. Bxg7 Kxg7 19. f4 N8h7 20. f5 Rae8 21. fxg6
fxg6 22. Qc2 h4 23. Nge4 Bf5 24. Nxf6 Nxf6 25. Bxf5 gxf5 26. Qxf5 Nh7 27. Qg4+
Kh8 28. Qxh4 Qd7 29. Rf4 Re3 30. Raf1 R3e7 31. Ne4 Qd8 32. Ng5 1-0

[Event "Befana SSM B"]
[Site "Milano ITA"]
[Date "2014.01.03"]
[Round "2"]
[White "Rossi, Giampiero"]
[Black "Ragoso, Mario"]
[WhiteElo "1877"]
[BlackElo "1633"]
[Result "1-0"]
[PlyCount "112"]
[EventDate "2014.01.02"]

1. d4 Nf6 2. c4 g6 3. g3 Bg7 4. Bg2 d5 5. cxd5 Nxd5 6. e4 Nb6 7. Ne2 O-O 8. O-O
N8d7 9. Nbc3 Nf6 10. b3 c6 11. h3 e6 12. Be3 Qe7 13. Qd2 Qb4 14. Rfd1 Rd8 15.
Rac1 Qa5 16. Bg5 Rd7 17. e5 Nfd5 18. Nxd5 Qxd2 19. Ne7+ Rxe7 20. Rxd2 Rd7 21.
Nc3 h6 22. Be3 Rd8 23. f4 Bd7 24. Bf2 Rac8 25. Ne4 Rb8 26. Nc5 Nd5 27. Bxd5
exd5 28. Nxd7 Rxd7 29. Rdc2 Bf8 30. Rb1 Bb4 31. Kf1 Re8 32. Be1 Bxe1 33. Kxe1
Rc8 34. Kd2 Kg7 35. b4 b5 36. a4 a6 37. axb5 axb5 38. Ra1 Rdc7 39. Rca2 Kf8 40.
Ra8 Kg7 41. Rxc8 Rxc8 42. Ra7 Kg8 43. Ke3 h5 44. g4 hxg4 45. hxg4 Kg7 46. g5
Re8 47. Rc7 Re6 48. Rc8 Kh7 49. Kf3 Kg7 50. Kg4 Kh7 51. Rd8 Kg7 52. Rd6 Kf8 53.
f5 gxf5+ 54. Kxf5 Kg7 55. Rxe6 fxe6+ 56. Kxe6 Kg6 1-0

[Event "Befana SSM B"]
[Site "Milano ITA"]
[Date "2014.01.03"]
[Round "2"]
[White "Rossini, Fulvio"]
[Black "Neri, Angelo"]
[WhiteElo "1766"]
[BlackElo "1894"]
[Result "1-0"]
[PlyCount "73"]
[EventDate "2014.01.02"]

1. e4 e6 2. d4 d5 3. exd5 exd5 4. Nf3 Bg4 5. Bd3 Qe7+ 6. Be3 Nc6 7. c3 Qf6 8.
Nbd2 Bd6 9. O-O h6 10. Re1 Nge7 11. Qc2 O-O-O 12. b4 Nf5 13. b5 Nxe3 14. Rxe3
Ne7 15. Ne5 Bf5 16. a4 Bxd3 17. Qxd3 Rhf8 18. a5 Qf5 19. Qxf5+ Nxf5 20. Re2 f6
21. Ng6 Rfe8 22. Rae1 Rxe2 23. Rxe2 Kd7 24. g4 Ne7 25. Nxe7 Bxe7 26. Nf3 g5 27.
Ne1 Re8 28. Nc2 Bd6 29. Rxe8 Kxe8 30. Ne3 c6 31. Nf5 Bc7 32. bxc6 bxc6 33. a6
Ba5 34. Nxh6 Bxc3 35. Nf5 Kd7 36. f4 Kc7 37. fxg5 $138 1-0

[Event "Befana SSM B"]
[Site "Milano ITA"]
[Date "2014.01.03"]
[Round "2"]
[White "Santelli, Francesco"]
[Black "Corti, Filippo"]
[WhiteElo "1798"]
[BlackElo "1599"]
[Result "1-0"]
[PlyCount "49"]
[EventDate "2014.01.02"]

1. e4 c6 2. d4 d5 3. Nc3 dxe4 4. Nxe4 Bf5 5. Ng3 Bg6 6. Nf3 Nd7 7. Nh4 e6 8.
Nxg6 hxg6 9. Be3 Ngf6 10. f3 Bd6 11. Bf2 Qc7 12. Qd2 Bf4 13. Qd3 O-O-O 14. Qa3
Nb6 15. Qxa7 Kd7 16. Qa5 Ra8 17. Qb4 Nfd5 18. Qb3 Ra4 19. a3 Nf6 20. c4 Raa8
21. d5 Qe5+ 22. Be2 Bxg3 23. Bxg3 Qd4 24. dxe6+ Kxe6 25. Bf2 1-0

[Event "Befana SSM B"]
[Site "Milano ITA"]
[Date "2014.01.03"]
[Round "2"]
[White "Spelta, Andrea"]
[Black "Mazzoccoli, Simone"]
[WhiteElo "1756"]
[BlackElo "1766"]
[Result "0-1"]
[PlyCount "100"]
[EventDate "2014.01.02"]

1. Nf3 Nf6 2. g3 g6 3. Bg2 Bg7 4. O-O d6 5. d4 O-O 6. c4 Nbd7 7. Nc3 e5 8. h3
c6 9. Be3 e4 10. Nd2 d5 11. cxd5 cxd5 12. Rc1 b6 13. Nb5 Ne8 14. Qb3 Bb7 15. f3
Ndf6 16. fxe4 Nxe4 17. Nxe4 dxe4 18. Rcd1 Nd6 19. Nxd6 Qxd6 20. Bf4 Qd5 21.
Qxd5 Bxd5 22. b3 Rac8 23. e3 Rc2 24. Rf2 Rfc8 25. Rdd2 Rc1+ 26. Kh2 R8c3 27.
Rfe2 Bf8 28. Bb8 a5 29. Bf4 f6 30. h4 h6 31. g4 g5 32. Bg3 Kg7 33. h5 Ba3 34.
Rf2 Rxe3 35. Rc2 Rd3 36. Rxc1 Bxc1 37. Rc2 Bf4 38. Bxf4 gxf4 39. Rc7+ Kf8 40.
Rc8+ Ke7 41. Rh8 f3 42. Bf1 Rd2+ 43. Kg3 e3 44. Rxh6 e2 45. Bxe2 Rxe2 46. Rh7+
Kf8 47. Rh6 Kg7 48. Rg6+ Kf7 49. g5 fxg5 50. Rxg5 Rg2+ 0-1

[Event "Befana SSM B"]
[Site "Milano ITA"]
[Date "2014.01.03"]
[Round "2"]
[White "Taccani Stella, Alberto"]
[Black "Aloe, Giancarlo"]
[WhiteElo "1380"]
[BlackElo "1719"]
[Result "0-1"]
[PlyCount "67"]
[EventDate "2014.01.02"]

1. d4 d5 2. Nf3 Nf6 3. e3 c6 4. Bd3 g6 5. c3 Bg7 6. Nbd2 O-O 7. O-O Nbd7 8. e4
dxe4 9. Nxe4 Nxe4 10. Bxe4 Nf6 11. Re1 Bg4 12. h3 Be6 13. Ng5 Bd5 14. Bxd5 Nxd5
15. Be3 e6 16. Qd2 Qc7 17. Ne4 Rad8 18. Bg5 f6 19. Bh6 e5 20. Bxg7 Kxg7 21. Nc5
Rfe8 22. g3 b6 23. c4 bxc5 24. cxd5 Rxd5 25. Re4 cxd4 26. Rh4 Kg8 27. Rc1 Re7
28. Qb4 c5 29. Qc4 Red7 30. b4 Kg7 31. bxc5 Qc6 32. Qd3 Rxc5 33. Rxc5 Qxc5 34.
Qd2 $138 0-1

[Event "Befana SSM B"]
[Site "Milano ITA"]
[Date "2014.01.04"]
[Round "3"]
[White "Aloe, Giancarlo"]
[Black "Deghi, Donatello"]
[WhiteElo "1719"]
[BlackElo "1815"]
[Result "0-1"]
[PlyCount "108"]
[EventDate "2014.01.02"]

1. d4 Nf6 2. Nf3 e6 3. c4 b6 4. g3 Bb4+ 5. Bd2 Bxd2+ 6. Nbxd2 O-O 7. Bg2 Bb7 8.
O-O d6 9. Qc2 Nbd7 10. e4 e5 11. d5 Kh8 12. Nh4 Ng4 13. h3 Nh6 14. Rae1 f6 15.
g4 g6 16. Ndf3 Qe7 17. Qd2 Nf7 18. Re3 a5 19. Qe1 Nc5 20. Nh2 Ba6 21. b3 b5 22.
f4 bxc4 23. Rff3 cxb3 24. axb3 exf4 25. Rxf4 Nd3 26. Rxd3 Bxd3 27. Qc3 Qe5 28.
Qd2 Qa1+ 29. Bf1 Bxf1 30. Rxf1 Qe5 31. Qe3 Ng5 32. Rf4 Kg7 33. Kg2 a4 34. bxa4
Rxa4 35. N2f3 Nxf3 36. Nxf3 Qb2+ 37. Kg3 Ra2 38. g5 Qg2+ 39. Kh4 fxg5+ 40. Nxg5
Rxf4+ 41. Qxf4 Qf2+ 42. Qg3 Qxg3+ 43. Kxg3 Rc2 44. h4 Rc1 45. Kf4 h6 46. Ne6+
Kf6 47. Nd4 Rf1+ 48. Nf3 Rxf3+ 49. Kxf3 Ke5 50. Ke3 g5 51. h5 g4 52. Kf2 Kxe4
53. Kg3 Kxd5 54. Kxg4 Ke4 0-1

[Event "Befana SSM B"]
[Site "Milano ITA"]
[Date "2014.01.04"]
[Round "3"]
[White "Carli, Federico"]
[Black "Papa, Angelo"]
[WhiteElo "1529"]
[BlackElo "1760"]
[Result "1/2-1/2"]
[PlyCount "43"]
[EventDate "2014.01.02"]

1. e4 g6 2. d4 Bg7 3. Nf3 d6 4. Bc4 Nf6 5. Nc3 O-O 6. Be3 c6 7. Qd2 b5 8. Bd3
Qc7 9. Bh6 Nbd7 10. Bxg7 Kxg7 11. h4 e5 12. h5 Nxh5 13. Qg5 h6 14. Qh4 Qd8 15.
Qh2 Rh8 16. dxe5 Nxe5 17. Nxe5 dxe5 18. Qxe5+ Qf6 19. Qxf6+ Nxf6 20. e5 Re8 21.
f4 Nh5 22. O-O 1/2-1/2

[Event "Befana SSM B"]
[Site "Milano ITA"]
[Date "2014.01.04"]
[Round "3"]
[White "Casartelli, Fabio"]
[Black "Pirrello, Christian"]
[WhiteElo "1848"]
[BlackElo "1641"]
[Result "1-0"]
[PlyCount "199"]
[EventDate "2014.01.02"]

1. d4 Nf6 2. Nf3 g6 3. Nbd2 Bg7 4. e4 d6 5. Bd3 O-O 6. O-O Nbd7 7. c4 e5 8.
dxe5 Nxe5 9. Nxe5 dxe5 10. Qc2 c6 11. b3 Qc7 12. Bb2 Nd7 13. b4 a5 14. a3 axb4
15. axb4 Rxa1 16. Rxa1 Rd8 17. c5 Nf8 18. Nc4 Ne6 19. Nd6 b6 20. Bc4 bxc5 21.
bxc5 Kf8 22. Ra8 Nxc5 23. Rxc8 Qxd6 24. Rxd8+ Qxd8 25. Ba3 Qa5 26. Qc1 Bf6 27.
Bxf7 Kxf7 28. Bxc5 Kg7 29. g3 Bg5 30. Qc4 Qb5 31. Qc2 Qa5 32. Bd6 Qb5 33. Kg2
Bf6 34. h3 h6 35. Qa2 Qb7 36. Qe6 Qf7 37. Qc8 Kh7 38. Qxc6 Bg7 39. Qd5 Qf6 40.
Qc5 g5 41. Qc7 h5 42. Qd7 Kh6 43. g4 h4 44. Be7 Qf4 45. Qe6+ Kh7 46. Qf5+ Kh6
47. Qxf4 exf4 48. Kf3 Kg6 49. Ke2 Bh6 50. f3 Kf7 51. Bc5 Ke6 52. Kd3 Bg7 53.
Bd4 Bf8 54. Kc4 Bd6 55. Bb6 Be7 56. Bc7 Kd7 57. Bb8 Ke6 58. Kb5 Bf6 59. Kc6 Bd8
60. Bc7 Be7 61. e5 Bb4 62. Bd8 Kxe5 63. Bxg5 Be1 64. Kc5 Bf2+ 65. Kc4 Bg3 66.
Bh6 Bf2 67. Kd3 Bg3 68. Bg7+ Kd5 69. Bc3 Bf2 70. g5 Bg3 71. g6 Ke6 72. Ke4 Ke7
73. Be5 Ke6 74. g7 Kf7 75. g8=Q+ Kxg8 76. Bxf4 Be1 77. Kf5 Kf7 78. Bg5 Kg7 79.
Kg4 Kg6 80. Bxh4 Bc3 81. f4 Bg7 82. f5+ Kf7 83. Bf2 Bh6 84. Bg3 Bg7 85. Bf4 Ba1
86. h4 Bb2 87. h5 Bh8 88. Kf3 Bf6 89. Ke4 Bg7 90. h6 Bf8 91. Be3 Kg8 92. Kd5
Kf7 93. Ke5 Kg8 94. Ke6 Ba3 95. f6 Kh7 96. Bf4 Bf8 97. Kf7 Bg7 98. Be3 Bh8 99.
Ke7 Bg7 100. hxg7 1-0

[Event "Befana SSM B"]
[Site "Milano ITA"]
[Date "2014.01.04"]
[Round "3"]
[White "Cecchini, Massimo S."]
[Black "Baronio, Gaia"]
[WhiteElo "1786"]
[BlackElo "1613"]
[Result "1/2-1/2"]
[PlyCount "80"]
[EventDate "2014.01.02"]

1. d4 d5 2. Nf3 Nf6 3. c4 c6 4. Nc3 dxc4 5. a4 Bf5 6. e3 e6 7. Bxc4 Bb4 8. O-O
O-O 9. h3 h6 10. Bd2 Nbd7 11. Qe2 Bg6 12. Nh2 Qc7 13. Rfd1 Rad8 14. Rac1 Nb6
15. Bb3 Rfe8 16. Ng4 Nbd7 17. Nb5 Qa5 18. Nd6 Bxd2 19. Rxd2 Ne4 20. Nxe4 Bxe4
21. Bd1 Bf5 22. Nh2 Nf6 23. f3 Bg6 24. b3 e5 25. Rc4 exd4 26. Rcxd4 Rxd4 27.
Rxd4 Qc3 28. Nf1 Qxd4 29. exd4 Rxe2 30. Bxe2 Bc2 31. Nd2 Nd5 32. Kf2 Kf8 33.
Bc4 Nb6 34. Be2 Nd5 35. Bc4 Ke7 36. g3 Nb6 37. Be2 Nd5 38. Bc4 Nb6 39. Be2 Nd5
40. Bc4 Nb6 1/2-1/2

[Event "Befana SSM B"]
[Site "Milano ITA"]
[Date "2014.01.04"]
[Round "3"]
[White "Corti, Filippo"]
[Black "Alidosi, Marco"]
[WhiteElo "1599"]
[BlackElo "1775"]
[Result "1-0"]
[PlyCount "77"]
[EventDate "2014.01.02"]

1. Nf3 Nf6 2. g3 g6 3. Bg2 Bg7 4. d3 d6 5. O-O O-O 6. e4 e5 7. Nc3 c6 8. h3 h6
9. Be3 Be6 10. Qd2 Kh7 11. Rad1 c5 12. Ne2 Nc6 13. c4 Qd7 14. Kh2 Ng8 15. Nc3
f5 16. Nd5 Bxd5 17. exd5 Nce7 18. Ng1 Nf6 19. f4 exf4 20. Bxf4 Nh5 21. Be3 Rae8
22. Rde1 g5 23. Bf3 Nf6 24. Bf2 Ng6 25. Bd1 b6 26. Nf3 Kh8 27. Bc2 g4 28. Nh4
Nxh4 29. gxh4 gxh3 30. Qf4 Ng4+ 31. Kxh3 Nxf2+ 32. Qxf2 Be5 33. Qd2 f4+ 34. Kh2
f3+ 35. Rxe5 Rxe5 36. Qxh6+ Qh7 37. Qxf8+ Qg8 38. Qxg8+ Kxg8 39. Bd1 1-0

[Event "Befana SSM B"]
[Site "Milano ITA"]
[Date "2014.01.04"]
[Round "3"]
[White "Da Campo, Giuseppe"]
[Black "Santelli, Francesco"]
[WhiteElo "1780"]
[BlackElo "1798"]
[Result "1/2-1/2"]
[PlyCount "91"]
[EventDate "2014.01.02"]

1. d4 Nf6 2. c4 e5 3. dxe5 Ng4 4. Bf4 Bb4+ 5. Nd2 Nc6 6. Ngf3 Qe7 7. e3 Ngxe5
8. Nxe5 Nxe5 9. a3 Bxd2+ 10. Qxd2 a5 11. Bxe5 Qxe5 12. Be2 Ra6 13. Qd4 Qg5 14.
Qg4 Qe5 15. Qd4 Qg5 16. Qg4 Qf6 17. Qd4 Qxd4 18. exd4 Re6 19. Kd2 O-O 20. Rhe1
Re4 21. d5 Rfe8 22. Bd3 R4e5 23. Rxe5 Rxe5 24. Re1 f6 25. f4 Rxe1 26. Kxe1 d6
27. b4 axb4 28. axb4 b6 29. Kf2 Kf7 30. Kf3 h6 31. g4 g6 32. h3 Bd7 33. b5 Kg7
34. h4 g5 35. h5 Bc8 36. Bg6 Bd7 37. Bd3 Be8 38. Kg3 Bd7 39. Be4 Bc8 40. Bb1
Bd7 41. Bc2 Bc8 42. Kf3 Bd7 43. Bd3 Bc8 44. Bg6 Bd7 45. Bb1 Bc8 46. f5 1/2-1/2

[Event "Befana SSM B"]
[Site "Milano ITA"]
[Date "2014.01.04"]
[Round "3"]
[White "Lamperti, Gianloris "]
[Black "Lunghi, Samuele"]
[WhiteElo "1614"]
[BlackElo "1522"]
[Result "1-0"]
[PlyCount "61"]
[EventDate "2014.01.02"]

1. d4 Nf6 2. c4 c5 3. d5 e6 4. Nc3 exd5 5. cxd5 d6 6. e4 g6 7. Bd3 Bg7 8. Nge2
a6 9. a4 O-O 10. O-O Nbd7 11. Ng3 Re8 12. Qc2 Nb6 13. Bf4 Qc7 14. a5 Nbd7 15.
Rfc1 Ne5 16. Be2 b5 17. axb6 Qxb6 18. Na4 Qc7 19. b4 c4 20. Bxe5 Rxe5 21. Qxc4
Qe7 22. Nc3 Qb7 23. Ra3 Nd7 24. Qc6 Qxc6 25. dxc6 Nb8 26. c7 Nc6 27. Nd5 Nd4
28. Nb6 Nxe2+ 29. Nxe2 Rxe4 30. Nc3 Rxb4 31. Nxa8 1-0